00383 2200145 4500001002100000005001500021035002000036245007200056100002500128260002800153082001000181084001600191020001800207650001200225INLIS00000000000113920240713090412 a0010-07240001321 aSambal Spesial :bRasa Pedas Khas Nusantara /cLia Djoen Krisdianto0 aLia Djoen Krisdianto aYogyakarta :bAjarmasak a641.5 a641.5 LIA s a9786025171819 4aMasakan